00828nam a2200181 i 450000100060000000300090000600500170001500700030003200800410003510000360007624502240011226000620033630000270039865000330042585200240045899900170048295201470049945470ES-MaACL20230906161225.0t|030326s1908 sp ||||1| spa d1 aColl y Rodés, Ramón.93964516aDe la sucesión legítima o intestada b: memoria leída en los ejercicios para obtener el grado de doctor en derecho verificados en la Universidad Central el día 28 de enero de 1907 / cpor Ramón Coll y Rodés. aBarcelona : b[s.n.], c1908 (fTip. de Clemente Olivero) aVIII, 139 p ; c21 cm.04aSucesión intestada.917243 aES-MaACLjT-164-F-6 c45470d45470 001040708Colección_de_folletosaATENEOMbATENEOMcDEPOFd2008-01-17eSCl0oT-164-F-6p1047843r2023-02-23 00:00:00w2023-02-23yFOLLETOS